Czech GDP between 1970 and 1989 Based on Esa 2010

Hlavné oblasti prispôsobenia metodiky výpočtu a kalkulácií HDP podľa ESA 2010. Produkčný a výdavkový prístup k výpočtu HDP podľa ESA.

Saved in:
Bibliographic Details
Main Author: Sixta, Jaroslav
Other Authors: Šimková, Martina, Vltavská, Kristýna, Zeman, Jan
Format: Book Chapter
Language:English
Subjects:
Tags: Add Tag
No Tags, Be the first to tag this record!

MARC

LEADER 00000naa a2200000 4500
001 0220128
005 20221019173741.4
041 0 |a eng 
044 |a CZ 
245 1 0 |a Czech GDP between 1970 and 1989 Based on Esa 2010  |c Jaroslav Sixta, Martina Šimková, Kristýna Vltavská, Jan Zeman 
520 |a Hlavné oblasti prispôsobenia metodiky výpočtu a kalkulácií HDP podľa ESA 2010. Produkčný a výdavkový prístup k výpočtu HDP podľa ESA. 
610 2 0 |a produkt domáci hrubý 
610 2 0 |a hodnota pridaná 
610 2 0 |a Česko 
100 1 |a Sixta, Jaroslav 
700 1 |a Šimková, Martina 
700 1 |a Vltavská, Kristýna 
700 1 |a Zeman, Jan